000 00294nam a2200097Ia 4500
008 160523s9999 xx 000 0 und d
245 _aMoral Reasoning at Work
245 _cAuthor: Kvalnes, Øyvind
260 _c2015
856 _uhttp://www.palgraveconnect.com/pc/doifinder/10.1057/9781137532619
999 _c294832
_d294832